Kỹ thuật trồng và sơ chế dừa

Wedi'i Gadw mewn:
Manylion Llyfryddiaeth
Prif Awdur: ửaTung tâm nghiên cứu dầu và cây có dầu
Fformat: Llyfr
Iaith:Undetermined
Cyhoeddwyd: Hà Nội Nông nghiệp 1986
Pynciau:
Tagiau: Ychwanegu Tag
Dim Tagiau, Byddwch y cyntaf i dagio'r cofnod hwn!
Thư viện lưu trữ: Trung tâm Học liệu Trường Đại học Cần Thơ
LEADER 00603nam a2200169Ia 4500
001 CTU_46428
008 210402s9999 xx 000 0 und d
082 |a 634.61 
082 |b M458 
100 |a ửaTung tâm nghiên cứu dầu và cây có dầu 
245 0 |a Kỹ thuật trồng và sơ chế dừa 
245 0 |c ửaTung tâm nghiên cứu dầu và cây có dầu 
260 |a Hà Nội 
260 |b Nông nghiệp 
260 |c 1986 
650 |a coconut - planting - vietnam,tropical fruit 
980 |a Trung tâm Học liệu Trường Đại học Cần Thơ